000 00546nam a22001697a 4500
003 OSt
005 20171010095438.0
008 120604t xxu||||| |||| 00| 0 eng d
040 _aMMSU
_cULS
100 _aRanga, Gemalyn
_99955
245 _aStomatal response of mango leaves to vehicular smoke emission
_cGemalyn Ranga
260 _c2006
300 _axv, 39 leaves
_c28 cm.
500 _aThesis (BS Biology) -- Mariano Marcos State University-College of Arts and Sciences, Batac City
504 _aBibliography: leaf 25
942 _2ddc
_cTHEDIS
999 _c9528
_d9528